| 000 | 00000nam##2200000za#4500 |
| 001 | 9.606955 |
| 003 | CaOODSP |
| 005 | 20241127144339 |
| 007 | cr ||||||||||| |
| 008 | 150406|1999||||xxc|||||o f|0| 0 fre|d |
| 040 | |aCaOODSP|bfre |
| 043 | |an-cn--- |
| 086 | 1 |aEn36-2/9-1999F-PDF |
| 110 | 2 |aCentre canadien des eaux intérieures. |
| 245 | 10|aProtocoles de suivi de la biodiversité végétale terrestre / |h[ressource électronique]|cpar Patricia Roberts-Pichette et Lynn Gillespie, pour le compte du Groupe de travail sur les protocoles de suivi des végétaux, du Conseil scientifique de la biodiversité canadienne, pour le Réseau d'évaluation et de surveillance écologique. |
| 260 | |aBurlington - Ontario : |bEnvironnement Canada. |c1999. |
| 300 | |a138p.|bfigures, glossaire, graphiques, tableaux |
| 490 | 1 |aCollection des publications hors-série du RESE |
| 504 | |aBibliographie. |
| 590 | |a14-21-Supp|b2014-12-11 |
| 775 | 08|tTerrestrial vegetation biodiversity monitoring protocols / |w(CaOODSP)9.579435 |
| 830 | #0|aCollection des publications hors-série du RESE.|w(CaOODSP)9.504200 |
| 856 | 40|ahttp://publications.gc.ca|qPDF|s1.87 Mo|uhttps://publications.gc.ca/collections/collection_2014/ec/En36-2-9-1999-fra.pdf |